[Event "Team Championship of Russia (blitz)"]
[Site "Sochi"]
[Date "2015.05.10"]
[Round "11.8"]
[White "Sharafiev, Azat"]
[Black "Bykov, Egor"]
[Result "1-0"]
[LiveChessVersion "1.4.4"]
[BlackElo "2157"]
[WhiteElo "2475"]

1. Nf3 {[%clk 0:03:03]} d5 {[%clk 0:03:04]} 2. c4 {[%clk 0:03:04]} c6
{[%clk 0:03:05]} 3. e3 {[%clk 0:03:04]} Nf6 {[%clk 0:03:06]} 4. Nc3
{[%clk 0:03:05]} Bf5 {[%clk 0:03:05]} 5. cxd5 {[%clk 0:03:05]} Nxd5
{[%clk 0:03:01]} 6. Qb3 {[%clk 0:02:53]} Nb6 {[%clk 0:02:37]} 7. d4
{[%clk 0:02:52]} e6 {[%clk 0:02:32]} 8. Be2 {[%clk 0:02:48]} N8d7
{[%clk 0:02:29]} 9. e4 {[%clk 0:02:47]} Bg4 {[%clk 0:02:28]} 10. Be3
{[%clk 0:02:47]} Be7 {[%clk 0:02:21]} 11. Rd1 {[%clk 0:02:47]} O-O
{[%clk 0:02:17]} 12. O-O {[%clk 0:02:45]} Qc7 {[%clk 0:01:53]} 13. h3
{[%clk 0:02:46]} Bh5 {[%clk 0:01:52]} 14. Rc1 {[%clk 0:02:43]} Qd6
{[%clk 0:01:39]} 15. Rfd1 {[%clk 0:02:41]} Bxf3 {[%clk 0:01:15]} 16. Bxf3
{[%clk 0:02:42]} e5 {[%clk 0:01:16]} 17. d5 {[%clk 0:02:25]} Qg6 {[%clk 0:01:03]}
18. dxc6 {[%clk 0:02:18]} bxc6 {[%clk 0:01:03]} 19. Bg4 {[%clk 0:02:06]} Nc5
{[%clk 0:00:50]} 20. Qc2 {[%clk 0:01:55]} Ne6 {[%clk 0:00:45]} 21. Na4
{[%clk 0:01:32]} Nxa4 {[%clk 0:00:33]} 22. Qxa4 {[%clk 0:01:33]} c5
{[%clk 0:00:14]} 23. Bxe6 {[%clk 0:01:10]} Qxe6 {[%clk 0:00:14]} 24. Bxc5
{[%clk 0:01:03]} Rfc8 {[%clk 0:00:06]} 25. Bxe7 {[%clk 0:00:57]} Qxe7
{[%clk 0:00:04]} 26. Rxc8+ {[%clk 0:00:45]} Rxc8 {[%clk 0:00:05]} 27. Qd7
{[%clk 0:00:41]} Qc5 {[%clk 0:00:07]} 28. b4 {[%clk 0:00:27]} Qc2
{[%clk 0:00:03]} 29. Qd8+ {[%clk 0:00:27]} Ra8 {[%clk 0:00:02]} 1-0